[Event "Topusko Amateur op 6th"]
[Site "Topusko"]
[Date "2017.08.19"]
[Round "9"]
[White "Siraj, Svit"]
[Black "Drvar, Izidor"]
[Result "0-1"]
[WhiteElo "1369"]
[BlackElo "1942"]
[PlyCount "46"]
[EventDate "2017.08.12"]
[EventType "swiss"]
[EventRounds "9"]
[EventCountry "CRO"]
[SourceTitle "CBM 180 Extra"]
[Source "ChessBase"]
[SourceDate "2017.10.06"]
[SourceVersion "1"]
[SourceVersionDate "2017.10.06"]
[SourceQuality "1"]

1. d4 Nf6 2. Nf3 g6 3. Nc3 d5 4. Bf4 Bg7 5. e3 0-0 6. Be2 c6 7. Ne5 Nbd7 8. h4 Nxe5 9. Bxe5 b5 10. h5 Ne8 11. Bd3 Bxe5 12. dxe5 Ng7 13. Qf3 Qd7 14. hxg6 fxg6 15. Qg3 Qg4 16. Qxg4 Bxg4 17. Kd2 Rxf2+ 18. Ke1 Raf8 19. Ne2 Bxe2 20. Bxe2 Rxg2 21. Bd3 Nf5 22. e4 Ng3 23. exd5 Nxh1 0-1

[Event "Topusko Amateur op 6th"]
[Site "Topusko"]
[Date "2017.08.17"]
[Round "7"]
[White "Urbanc, Tina"]
[Black "Drvar, Izidor"]
[Result "1-0"]
[WhiteElo "1469"]
[BlackElo "1942"]
[PlyCount "75"]
[EventDate "2017.08.12"]
[EventType "swiss"]
[EventRounds "9"]
[EventCountry "CRO"]
[SourceTitle "CBM 180 Extra"]
[Source "ChessBase"]
[SourceDate "2017.10.06"]
[SourceVersion "1"]
[SourceVersionDate "2017.10.06"]
[SourceQuality "1"]

1. d4 Nf6 2. e3 e6 3. f4 b6 4. Nf3 Be7 5. Bd3 c5 6. 0-0 Bb7 7. c3 0-0 8. Nbd2 Qc7 9. Qc2 g6 10. Ne4 Bxe4 11. Bxe4 d5 12. Bd3 c4 13. Be2 Ne4 14. Nd2 f5 15. Nxe4 dxe4 16. b3 cxb3 17. axb3 Nd7 18. Ba3 Nf6 19. c4 Rfd8 20. Qb2 Qd7 21. Bxe7 Qxe7 22. Ra4 b5 23. cxb5 Nd5 24. Qd2 Rdc8 25. Rc1 g5 26. Rac4 Rd8 27. g3 gxf4 28. gxf4 Qa3 29. Bd1 Rab8 30. Ra4 Qd6 31. Be2 Qd7 32. Bc4 Nb6 33. Raa1 Kf7 34. Rd1 Rb7 35. Qe2 Rc7 36. Qh5+ Kg7 37. Qg5+ Kf8 38. Qf6+ 1-0

[Event "Topusko Amateur op 6th"]
[Site "Topusko"]
[Date "2017.08.13"]
[Round "3"]
[White "Spudic, Niko Karlo"]
[Black "Drvar, Izidor"]
[Result "0-1"]
[WhiteElo "1619"]
[BlackElo "1942"]
[PlyCount "72"]
[EventDate "2017.08.12"]
[EventType "swiss"]
[EventRounds "9"]
[EventCountry "CRO"]
[SourceTitle "CBM 180 Extra"]
[Source "ChessBase"]
[SourceDate "2017.10.06"]
[SourceVersion "1"]
[SourceVersionDate "2017.10.06"]
[SourceQuality "1"]

1. e4 c6 2. d3 d5 3. exd5 cxd5 4. Nf3 Nf6 5. Nc3 Nc6 6. d4 Bg4 7. Be2 e6 8. Bg5 Be7 9. 0-0 0-0 10. h3 Bh5 11. a3 Rc8 12. Re1 a6 13. Ne5 Nxe5 14. dxe5 Bxe2 15. Qxe2 Nd7 16. Bxe7 Qxe7 17. Rad1 Rc4 18. Nb1 Rfc8 19. Rd2 Re4 20. Qd1 Rxe5 21. f4 Rxe1+ 22. Qxe1 Qf6 23. Nc3 Qxf4 24. Qf2 Qxf2+ 25. Rxf2 Ne5 26. Na4 b5 27. Nc3 Nc4 28. a4 Nxb2 29. Na2 Nxa4 30. Nb4 a5 31. Nd3 Kf8 32. Ne5 Rc7 33. Nd3 f6 34. Nf4 Kf7 35. g4 Nc3 36. g5 Ne4 0-1

[Event "Barcelona Sant Marti op-A 17th"]
[Site "Barcelona"]
[Date "2015.07.15"]
[Round "3"]
[White "Nunez Lucero, Francisco Alex"]
[Black "Drvar, Izidor"]
[Result "1/2-1/2"]
[WhiteElo "2174"]
[BlackElo "1900"]
[PlyCount "98"]
[EventDate "2015.07.13"]
[EventType "swiss"]
[EventRounds "9"]
[EventCountry "ESP"]
[SourceTitle "CBM 167 Extra"]
[Source "ChessBase"]
[SourceDate "2015.09.14"]
[SourceVersion "1"]
[SourceVersionDate "2015.09.14"]
[SourceQuality "1"]

1. e4 c5 2. c3 d5 3. exd5 Qxd5 4. d4 e5 5. dxe5 Qxe5+ 6. Be3 Nf6 7. Nf3 Qc7 8. h3 Be7 9. Bc4 a6 10. a4 Nc6 11. 0-0 h6 12. Qc2 0-0 13. Nbd2 b6 14. Rfe1 Bb7 15. Ba2 Bd6 16. Bxh6 Bf4 17. Bxf4 Qxf4 18. Ne4 Nxe4 19. Qxe4 Qxe4 20. Rxe4 Nd4 21. Re5 Nxf3+ 22. gxf3 Rfe8 23. Rae1 Kf8 24. Kg2 Rxe5 25. Rxe5 Rd8 26. Bc4 Rd6 27. h4 Rd2 28. b3 Rc2 29. Re3 Rd2 30. Rd3 Rxd3 31. Bxd3 Ke7 32. Kg3 Bd5 33. c4 Be6 34. Kf4 Kf6 35. Be4 a5 36. Bc6 Bf5 37. Be4 Be6 38. Ke3 Ke5 39. Bc6 f5 40. f4+ Kf6 41. Be8 g6 42. h5 gxh5 43. Bxh5 Bd7 44. Bf3 Be8 45. Bd5 Kg6 46. Kf3 Bd7 47. Kg3 Kh6 48. Bf7 Bc8 49. Kh4 Bd7 1/2-1/2